00706pam a2200241 a 4500001000800000005001700008008004100025010001700066020002200083040001800105041000800123043001200131080001000143082001800153100000600171101000800177245006200185504003000247906004500277942001200322999001700334952011300351236746120180103042629.0840113s1985 couab b 000 0 eng  a 84002281  a0865317232 (pbk.) aDLCcDLCdDLC aeng an-us--- a363.700a363.7 BAL2191 a9 aMJE10aEnvironmental planning and management /cJohn H. Baldwin. aBibliography: p. 305-317. a7bcbccorignewd1eocipf19gy-gencatlg 2ddccBK c39614d39614 00102udc40708PËKGa002b002cPËKGd2018-01-03l0o363.7 BALp002-2994230r2018-01-03w2018-01-03yBK